| 000 | 00741nas a22001817a 4500 | ||
|---|---|---|---|
| 007 | ta | ||
| 008 | 230825s2020 xxk||||o |||| 00| 0 eng d | ||
| 041 | _aeng | ||
| 110 |
_94900 _aRoyal Institution of Chartered Surveyors |
||
| 245 |
_aRequest for the appointment of a construction adjudicator in the United Kingdom _bDRS2C _c[old edition] |
||
| 260 |
_aUnited Kingdom, _bRoyal Institution of Chartered Surveyors, _cApril 2020 |
||
| 650 | _aFORM | ||
| 650 | _aDISPUTE RESOLUTION | ||
| 651 | _aUnited Kingdom | ||
| 690 |
_96236 _aDispute resolution |
||
| 710 |
_94900 _aRoyal Institution of Chartered Surveyors |
||
| 856 |
_uhttps://www.rics.org/profession-standards/knowledge-and-information-services _zemail [email protected] to request a copy |
||
| 999 |
_c121650 _d121650 |
||